[Event "DEM U18 2011"]
[Site "Oberhof GER"]
[Date "2011.06.16"]
[Round "7"]
[White "Müller, Tobias"]
[Black "Müller, Richard"]
[Result "1-0"]
[Termination "normal"]
[Board "12"]
[WhiteElo "2118"]
[BlackElo "2032"]
[PlyCount "83"]
[WhiteFideId "24643394"]
[BlackFideId "24647128"]
[EventCountry "GER"]
[EventRounds "9"]
[EventType "swiss"]
[EventDate "2011.06.11"]

1. c4 Nf6 2. g3 d5 3. cxd5 Nxd5 4. Bg2 g6 5. Nc3 Nxc3 6. bxc3 c5 7. Rb1 Qc7 8.
Nf3 Bg7 9. O-O O-O 10. d4 Bf5 11. Rb5 cxd4 12. cxd4 Bc2 13. Qd2 Be4 14. Ba3 b6
15. Rc1 Qb7 16. Qf4 Na6 17. Rb3 Rac8 18. Rxc8 Rxc8 19. Ng5 Bxg2 20. Qxf7+ Kh8
21. f3 Rf8 22. Qc4 Bf6 23. Ne4 Bh3 24. Nxf6 Rxf6 25. Re3 b5 26. Qb3 e6 27. d5
Qb6 28. Bb2 exd5 29. Bxf6+ Qxf6 30. Re8+ Kg7 31. Qxd5 Nc7 32. Rg8+ Kh6 33. Qd2+
g5 34. Rd8 Ne6 35. Rd6 Qa1+ 36. Kf2 Qf1+ 37. Ke3 Qg1+ 38. Ke4 Qxh2 39. g4 Bxg4
40. fxg4 Qg2+ 41. Kf5 Kg7 42. Qb2+ 1-0

[Event "DEM U18 2011"]
[Site "Oberhof GER"]
[Date "2011.06.16"]
[Round "7"]
[White "Gruber, Roland"]
[Black "Marx, Joschka"]
[Result "1-0"]
[Termination "normal"]
[Board "13"]
[WhiteElo "1882"]
[BlackElo "2035"]
[PlyCount "57"]
[WhiteFideId "1270975"]
[BlackFideId "24645869"]
[EventCountry "GER"]
[EventRounds "9"]
[EventType "swiss"]
[EventDate "2011.06.11"]

1. d4 Nf6 2. Nf3 g6 3. c4 Bg7 4. Nc3 O-O 5. Bg5 d6 6. e3 Nbd7 7. Be2 h6 8. Bh4
e5 9. dxe5 dxe5 10. Qc2 c6 11. O-O Qc7 12. b4 b6 13. Rad1 Bb7 14. h3 Rae8 15.
Nd2 Nh7 16. Nde4 g5 17. Bg3 c5 18. Nb5 Bxe4 19. Qxe4 Qd8 20. Nd6 Nhf6 21. Qb7
Re6 22. Nf5 Qa8 23. Rxd7 Nxd7 24. Qxd7 Rd8 25. Qc7 Bf8 26. Bh5 Rf6 27. Ne7+
Bxe7 28. Qxe7 Rdd6 29. Bxf7+ 1-0

[Event "DEM U18 2011"]
[Site "Oberhof GER"]
[Date "2011.06.16"]
[Round "7"]
[White "Jäger, Tobias"]
[Black "Frank, Christian"]
[Result "1/2-1/2"]
[Termination "normal"]
[Board "14"]
[WhiteElo "2059"]
[BlackElo "2043"]
[PlyCount "44"]
[WhiteFideId "12902691"]
[BlackFideId "24658324"]
[EventCountry "GER"]
[EventRounds "9"]
[EventType "swiss"]
[EventDate "2011.06.11"]

1. d4 Nf6 2. c4 e6 3. Nf3 c5 4. g3 cxd4 5. Nxd4 d5 6. Bg2 e5 7. Nb3 d4 8. O-O
Be7 9. f4 Nc6 10. fxe5 Ng4 11. Bd5 Be6 12. e3 Nxe3 13. Bxe3 dxe3 14. Bxe6 fxe6
15. Qg4 Qd3 16. Nc3 Qg6 17. Qxg6+ hxg6 18. Rae1 Nxe5 19. Rxe3 Bf6 20. Nc5 O-O-O
21. Nxe6 Rd2 22. Re2 Nxc4 1/2-1/2

[Event "DEM U18 2011"]
[Site "Oberhof GER"]
[Date "2011.06.16"]
[Round "7"]
[White "Theurich, Joel"]
[Black "Wendling, Florian"]
[Result "0-1"]
[Termination "normal"]
[Board "15"]
[WhiteElo "1511"]
[BlackElo "1966"]
[PlyCount "54"]
[WhiteFideId "12930393"]
[BlackFideId "24640212"]
[EventCountry "GER"]
[EventRounds "9"]
[EventType "swiss"]
[EventDate "2011.06.11"]

1. e4 c5 2. Nc3 d6 3. g3 Nc6 4. Bg2 e6 5. d3 Nge7 6. Be3 g6 7. Qd2 h6 8. Nge2
Bg7 9. O-O Rb8 10. Rae1 Nd4 11. Nc1 b5 12. Nd1 h5 13. c3 Ndc6 14. Ne2 Ne5 15.
h3 c4 16. dxc4 Nxc4 17. Qc2 O-O 18. Bc1 d5 19. exd5 Nxd5 20. Nf4 Nxf4 21. Bxf4
e5 22. Bc1 Bf5 23. Qe2 Bd3 24. Qf3 Bxf1 25. Bxf1 Nd2 26. Bxd2 Qxd2 27. Qc6 Qxe1
0-1

[Event "DEM U18 2011"]
[Site "Oberhof GER"]
[Date "2011.06.17"]
[Round "8"]
[White "Raum, Sebastian"]
[Black "Blübaum, Matthias"]
[Result "1/2-1/2"]
[Termination "normal"]
[Board "1"]
[BlackTitle "FM"]
[WhiteElo "2076"]
[BlackElo "2300"]
[PlyCount "39"]
[WhiteFideId "24673935"]
[BlackFideId "24651516"]
[EventCountry "GER"]
[EventRounds "9"]
[EventType "swiss"]
[EventDate "2011.06.11"]

1. e4 e6 2. d4 d5 3. Nc3 Nf6 4. Bg5 dxe4 5. Nxe4 Be7 6. Bxf6 Bxf6 7. Nf3 Nd7 8.
Qd2 O-O 9. O-O-O Be7 10. Qf4 c5 11. d5 exd5 12. Rxd5 Qa5 13. Bd3 Qxa2 14. Rh5
h6 15. Rxh6 gxh6 16. Qxh6 Qe6 17. Nf6+ Nxf6 18. Qg5+ Kh8 19. Qh6+ Kg8 20. Qg5+
1/2-1/2

[Event "DEM U18 2011"]
[Site "Oberhof GER"]
[Date "2011.06.17"]
[Round "8"]
[White "Berchtenbreiter, Maximilian"]
[Black "Graf, Felix"]
[Result "1/2-1/2"]
[Termination "normal"]
[Board "2"]
[WhiteElo "2284"]
[BlackElo "2318"]
[PlyCount "62"]
[WhiteFideId "24641120"]
[BlackFideId "24608904"]
[EventCountry "GER"]
[EventRounds "9"]
[EventType "swiss"]
[EventDate "2011.06.11"]

1. d4 d5 2. c4 c6 3. Nc3 dxc4 4. a4 Nf6 5. Nf3 Bf5 6. Ne5 Nbd7 7. Nxc4 Nb6 8.
Ne5 a5 9. e3 h6 10. h4 Bh7 11. g4 Nfd7 12. Nd3 e5 13. Nxe5 Nxe5 14. dxe5 Qxd1+
15. Kxd1 O-O-O+ 16. Ke2 Bd3+ 17. Kf3 Nc4 18. Bxd3 Nxe5+ 19. Ke2 Nxd3 20. Rd1
Ne5 21. Rxd8+ Kxd8 22. f3 h5 23. g5 Ng6 24. Bd2 Nxh4 25. Ne4 b6 26. Ng3 Be7 27.
e4 f6 28. Rd1 Kc8 29. Be3 Kc7 30. Bf4+ Kc8 31. Be3 Kc7 1/2-1/2

[Event "DEM U18 2011"]
[Site "Oberhof GER"]
[Date "2011.06.17"]
[Round "8"]
[White "Kotainy, Jens"]
[Black "Grünter, Martin"]
[Result "1-0"]
[Termination "normal"]
[Board "3"]
[WhiteTitle "FM"]
[WhiteElo "2415"]
[BlackElo "2239"]
[PlyCount "73"]
[WhiteFideId "24670499"]
[BlackFideId "24640352"]
[EventCountry "GER"]
[EventRounds "9"]
[EventType "swiss"]
[EventDate "2011.06.11"]

1. e4 c5 2. Nf3 d6 3. d4 cxd4 4. Nxd4 Nf6 5. Nc3 a6 6. Bg5 e6 7. f4 Be7 8. Qf3
h6 9. Bh4 Qc7 10. O-O-O Nbd7 11. Bd3 g5 12. fxg5 Ne5 13. Qe2 Nfg4 14. Nf3 Nxf3
15. Qxf3 hxg5 16. Bg3 Ne5 17. Bxe5 dxe5 18. Rdf1 Rh7 19. h4 gxh4 20. Qg4 Kf8
21. g3 h3 22. Rxh3 Rxh3 23. Qxh3 Bg5+ 24. Kb1 Kg8 25. Be2 Qe7 26. Bh5 f6 27.
Bg4 Qf7 28. Nd5 f5 29. Bh5 Qg7 30. Nb6 Rb8 31. exf5 exf5 32. Nxc8 Rxc8 33. Qxf5
Rc6 34. Bf7+ Kh8 35. Bd5 Rd6 36. Qc8+ Kh7 37. Be4+ 1-0

[Event "DEM U18 2011"]
[Site "Oberhof GER"]
[Date "2011.06.17"]
[Round "8"]
[White "Svane, Rasmus"]
[Black "Wenninger, Philipp"]
[Result "1/2-1/2"]
[Termination "normal"]
[Board "4"]
[WhiteElo "2297"]
[BlackElo "2130"]
[PlyCount "67"]
[WhiteFideId "4657101"]
[BlackFideId "4648404"]
[EventCountry "GER"]
[EventRounds "9"]
[EventType "swiss"]
[EventDate "2011.06.11"]

1. d4 d5 2. c4 c6 3. Nc3 Nf6 4. e3 a6 5. Nf3 b5 6. b3 Bg4 7. Be2 e6 8. O-O Nbd7
9. h3 Bh5 10. Bb2 Bd6 11. Ne5 Bxe2 12. Nxe2 bxc4 13. bxc4 O-O 14. Qc2 Rc8 15.
Nxd7 Qxd7 16. c5 Bc7 17. Rab1 Rb8 18. Bc3 Ne4 19. Qd3 a5 20. Ba1 f5 21. Nc3 e5
22. Na4 f4 23. exf4 exf4 24. f3 Ng3 25. Rfe1 Rxb1 26. Qxb1 Re8 27. Kh2 Re7 28.
Bc3 Qe8 29. Rxe7 Qxe7 30. Qb7 Nf1+ 31. Kg1 Ng3 32. Kh2 Nf1+ 33. Kg1 Ng3 34. Kh2
1/2-1/2

[Event "DEM U18 2011"]
[Site "Oberhof GER"]
[Date "2011.06.17"]
[Round "8"]
[White "Bräuer, Franz"]
[Black "Donchenko, Alexander"]
[Result "1-0"]
[Termination "normal"]
[Board "5"]
[WhiteElo "2084"]
[BlackElo "2239"]
[PlyCount "81"]
[WhiteFideId "24634468"]
[BlackFideId "24603295"]
[EventCountry "GER"]
[EventRounds "9"]
[EventType "swiss"]
[EventDate "2011.06.11"]

1. e4 c5 2. Nf3 d6 3. d4 cxd4 4. Nxd4 Nf6 5. Nc3 a6 6. h3 e5 7. Nde2 Be7 8. g4
Be6 9. Bg2 Nc6 10. Be3 Na5 11. b3 Qc7 12. Qd2 Rc8 13. O-O O-O 14. Rfc1 g6 15.
Nd5 Bxd5 16. exd5 Ne8 17. Qb4 Bd8 18. c4 b6 19. Rf1 Nb7 20. Kh1 Nc5 21. Qd2 Bf6
22. Rac1 a5 23. f4 Bg7 24. f5 Qe7 25. Ng3 Nc7 26. Rf2 N7a6 27. Rcf1 f6 28. h4
a4 29. b4 Nd7 30. Rc1 Rc7 31. Be4 Rfc8 32. c5 bxc5 33. b5 Nab8 34. fxg6 hxg6
35. Bxg6 Nf8 36. Bf5 Nbd7 37. Rg2 Qe8 38. Ne4 Qe7 39. g5 Kf7 40. g6+ Ke8 41. h5
1-0

[Event "DEM U18 2011"]
[Site "Oberhof GER"]
[Date "2011.06.17"]
[Round "8"]
[White "Künstler, Christian"]
[Black "Frischmann, Rick"]
[Result "1-0"]
[Termination "normal"]
[Board "7"]
[WhiteElo "2060"]
[BlackElo "1936"]
[PlyCount "103"]
[WhiteFideId "24602361"]
[BlackFideId "24660752"]
[EventCountry "GER"]
[EventRounds "9"]
[EventType "swiss"]
[EventDate "2011.06.11"]

1. e4 c5 2. Nf3 Nc6 3. d4 cxd4 4. Nxd4 Nf6 5. Nc3 e5 6. Ndb5 d6 7. Nd5 Nxd5 8.
exd5 Ne7 9. c3 Nf5 10. a4 Be7 11. Bd3 Nh4 12. O-O O-O 13. f4 f5 14. g3 Ng6 15.
Be3 b6 16. Qd2 h5 17. a5 bxa5 18. c4 Bf6 19. Qxa5 Qd7 20. Qc7 exf4 21. gxf4 Qe8
22. Rae1 Nh4 23. Kh1 a6 24. Nxd6 Qa4 25. Rf2 Qb3 26. Bc2 Qxb2 27. Qb6 Qc3 28.
Rg1 Bd7 29. Qb3 Qa5 30. Nb7 Qc7 31. Nc5 Rab8 32. Qd3 Bc8 33. Nb3 Rb4 34. Nd2
Bb7 35. Bb3 Kh8 36. Nf3 Nxf3 37. Rxf3 a5 38. Rh3 h4 39. Bd2 Rb6 40. Bxa5 Rxb3
41. Qxb3 Bxd5+ 42. cxd5 Qxa5 43. Rd1 Qc5 44. Qa3 Qc8 45. Rhd3 Re8 46. Qc1 Qb8
47. Re3 Rc8 48. Qd2 Rc4 49. Qe2 Qxf4 50. Qh5+ Qh6 51. Qxh6+ gxh6 52. d6 1-0

[Event "DEM U18 2011"]
[Site "Oberhof GER"]
[Date "2011.06.17"]
[Round "8"]
[White "Cremer, Jan Paul"]
[Black "Hahn, Markus"]
[Result "0-1"]
[Termination "normal"]
[Board "8"]
[WhiteElo "2026"]
[BlackElo "2108"]
[PlyCount "98"]
[WhiteFideId "24686115"]
[BlackFideId "24654647"]
[EventCountry "GER"]
[EventRounds "9"]
[EventType "swiss"]
[EventDate "2011.06.11"]

1. e4 c5 2. Nf3 e6 3. d4 cxd4 4. Nxd4 a6 5. Bd3 Nf6 6. O-O Qc7 7. Qe2 d6 8. c4
b6 9. Nc3 Be7 10. f4 Nbd7 11. Kh1 Bb7 12. Bd2 Rc8 13. Rae1 Nc5 14. Bc2 g6 15.
e5 Nh5 16. f5 dxe5 17. fxe6 f6 18. Nf5 Nxe6 19. Ba4+ Kf7 20. Nh6+ Kg7 21. Qxe5
Qxe5 22. Rxe5 Bxg2+ 23. Kxg2 Nhf4+ 24. Bxf4 Nxf4+ 25. Rxf4 fxe5 26. Rf7+ Kxh6
27. Rxe7 Rxc4 28. Rxe5 Rd8 29. Bb3 Rd2+ 30. Re2 Rcd4 31. Rxd2 Rxd2+ 32. Kg1 b5
33. Nd1 a5 34. a4 b4 35. h3 Rd3 36. Bc2 Rxh3 37. Nf2 Rh5 38. b3 Kg5 39. Bd1 Rh4
40. Bf3 Rd4 41. Kg2 Kf4 42. Bc6 Ke3 43. Kg3 h5 44. Nh3 g5 45. Bb5 h4+ 46. Kh2
g4 47. Ng1 Rd2+ 48. Kh1 g3 49. Be8 Rh2# 0-1

[Event "DEM U18 2011"]
[Site "Oberhof GER"]
[Date "2011.06.17"]
[Round "8"]
[White "Petermann, Michail"]
[Black "Kahleys, Kevin"]
[Result "1-0"]
[Termination "normal"]
[Board "9"]
[WhiteElo "2134"]
[BlackElo "2148"]
[PlyCount "51"]
[WhiteFideId "24643530"]
[BlackFideId "24669601"]
[EventCountry "GER"]
[EventRounds "9"]
[EventType "swiss"]
[EventDate "2011.06.11"]

1. e4 e6 2. d4 d5 3. Nd2 Nf6 4. Bd3 c5 5. e5 Nfd7 6. c3 Nc6 7. Ngf3 g5 8. dxc5
g4 9. Nd4 Ncxe5 10. N2b3 Nxc5 11. Bc2 h5 12. O-O Nxb3 13. axb3 Bd6 14. f4 gxf3
15. Nxf3 Qc7 16. Nxe5 Bxe5 17. h3 Bd7 18. Bg5 Bb5 19. Bd3 Bc6 20. Qe2 d4 21.
Rae1 Bh2+ 22. Kh1 Rg8 23. Qxh5 Bxg2+ 24. Kxg2 Bf4 25. Rxf4 Qxf4 26. Bb5+ 1-0

[Event "DEM U18 2011"]
[Site "Oberhof GER"]
[Date "2011.06.17"]
[Round "8"]
[White "Günnigmann, Manuel"]
[Black "Wittke, Rene"]
[Result "1/2-1/2"]
[Termination "normal"]
[Board "10"]
[WhiteElo "2205"]
[BlackElo "2033"]
[PlyCount "104"]
[WhiteFideId "24640360"]
[BlackFideId "24640255"]
[EventCountry "GER"]
[EventRounds "9"]
[EventType "swiss"]
[EventDate "2011.06.11"]

1. e4 c5 2. Nf3 Nc6 3. Nc3 g6 4. d4 cxd4 5. Nxd4 Bg7 6. Be3 Nf6 7. Bc4 O-O 8.
Bb3 d6 9. f3 Bd7 10. h4 h5 11. Qd2 Rc8 12. Nxc6 Bxc6 13. Bh6 b5 14. g4 b4 15.
Nd5 Bxd5 16. exd5 a5 17. Bxg7 Kxg7 18. Qd4 Kh7 19. a4 Rc5 20. O-O-O Qd7 21.
Rhg1 Rfc8 22. Kb1 R8c7 23. Rg2 Qc8 24. Rdg1 Qh8 25. Qf4 Kg8 26. gxh5 Nxh5 27.
Rxg6+ fxg6 28. Rxg6+ Ng7 29. Rh6 Qxh6 30. Qxh6 Rc8 31. Qg5 Kf7 32. h5 Rh8 33.
Qg6+ Kf8 34. h6 Ne8 35. c3 bxc3 36. Bc2 Rg8 37. Qf5+ Nf6 38. h7 Rg1+ 39. Ka2
Rh1 40. Qe6 Rxh7 41. Bxh7 Nxh7 42. bxc3 Nf6 43. Kb3 Nxd5 44. c4 Nb6 45. f4 Nc8
46. f5 Kg7 47. Kc3 Kf8 48. Kd3 Kg7 49. Kd4 Kf8 50. Kd3 Kg7 51. Qg6+ Kf8 52. Qe6
Kg7 1/2-1/2

[Event "DEM U18 2011"]
[Site "Oberhof GER"]
[Date "2011.06.17"]
[Round "8"]
[White "Wendling, Florian"]
[Black "Müller, Tobias"]
[Result "0-1"]
[Termination "normal"]
[Board "11"]
[WhiteElo "1966"]
[BlackElo "2118"]
[PlyCount "88"]
[WhiteFideId "24640212"]
[BlackFideId "24643394"]
[EventCountry "GER"]
[EventRounds "9"]
[EventType "swiss"]
[EventDate "2011.06.11"]

1. e4 c5 2. Nf3 d6 3. d4 cxd4 4. Nxd4 Nf6 5. Nc3 g6 6. Be3 Bg7 7. f3 O-O 8. Qd2
Nc6 9. Bc4 Bd7 10. O-O-O Rc8 11. Be2 Ne5 12. Kb1 a6 13. g4 Nc4 14. Bxc4 Rxc4
15. h4 b5 16. h5 b4 17. Nce2 Qc7 18. Bh6 e5 19. Bxg7 Kxg7 20. hxg6 fxg6 21. Nb3
Kg8 22. c3 Ne8 23. Qd5+ Kg7 24. cxb4 Ba4 25. Rd3 Rxb4 26. Rc3 Qb7 27. Qxb7+
Rxb7 28. Na5 Rbf7 29. Ng1 Bb5 30. Nc4 Rd7 31. Nb6 Rc7 32. Nd5 Rxc3 33. bxc3 Nf6
34. Ne3 Rc8 35. Kb2 Bc4 36. Nxc4 Rxc4 37. Kb3 Rc6 38. g5 Nd7 39. Ne2 Rb6+ 40.
Kc2 Nc5 41. Rd1 h6 42. gxh6+ Kxh6 43. c4 Na4 44. Kd3 Nb2+ 0-1

[Event "DEM U18 2011"]
[Site "Oberhof GER"]
[Date "2011.06.17"]
[Round "8"]
[White "Jäger, Tobias"]
[Black "Dünzel, Jonas"]
[Result "1-0"]
[Termination "normal"]
[Board "12"]
[WhiteElo "2059"]
[BlackElo "2091"]
[PlyCount "49"]
[WhiteFideId "12902691"]
[BlackFideId "24631167"]
[EventCountry "GER"]
[EventRounds "9"]
[EventType "swiss"]
[EventDate "2011.06.11"]

1. d4 Nf6 2. c4 e6 3. Nf3 b6 4. Nc3 d5 5. Bg5 dxc4 6. Qa4+ c6 7. Qxc4 Be7 8.
Qb3 O-O 9. e4 Bb7 10. Rd1 Nbd7 11. Be2 Rc8 12. e5 Ne8 13. h4 Nc7 14. Rh3 f5 15.
exf6 Nxf6 16. Ne5 Ncd5 17. Nxd5 exd5 18. Bd3 c5 19. Bf5 cxd4 20. Be6+ Kh8 21.
h5 Nxh5 22. Rxh5 Bb4+ 23. Qxb4 Qe8 24. Qxf8+ Qxf8 25. Ng6# 1-0

[Event "DEM U18 2011"]
[Site "Oberhof GER"]
[Date "2011.06.17"]
[Round "8"]
[White "Theurich, Joel"]
[Black "Gruber, Roland"]
[Result "1/2-1/2"]
[Termination "normal"]
[Board "13"]
[WhiteElo "1511"]
[BlackElo "1882"]
[PlyCount "90"]
[WhiteFideId "12930393"]
[BlackFideId "1270975"]
[EventCountry "GER"]
[EventRounds "9"]
[EventType "swiss"]
[EventDate "2011.06.11"]

1. e4 d5 2. exd5 Qxd5 3. Nc3 Qd8 4. Nf3 Nf6 5. Bc4 Bf5 6. O-O e6 7. d4 c6 8.
Ne2 Nbd7 9. c3 Bd6 10. Bf4 Bxf4 11. Nxf4 Qc7 12. Ne2 O-O 13. Ng3 Bg6 14. Re1
Rfe8 15. Nh4 Qf4 16. Nxg6 hxg6 17. h3 e5 18. dxe5 Nxe5 19. Bb3 Rad8 20. Qc1 Qh4
21. Qc2 g5 22. Ne4 g4 23. Nxf6+ Qxf6 24. hxg4 Nxg4 25. Rxe8+ Rxe8 26. f3 Ne5
27. Qf2 Rd8 28. Rd1 Rxd1+ 29. Bxd1 Qd6 30. Bc2 c5 31. Qe2 g6 32. Qb5 Qe7 33.
Be4 b6 34. Qe2 c4 35. Kf1 Qc7 36. g4 Kg7 37. Qe3 f6 38. Ke2 b5 39. b3 Qa5 40.
Qd2 Qc7 41. Qe3 a5 42. Qd4 Qe7 43. bxc4 Qa3 44. cxb5 Qxa2+ 45. Ke3 g5 1/2-1/2

[Event "DEM U18 2011"]
[Site "Oberhof GER"]
[Date "2011.06.17"]
[Round "8"]
[White "Müller, Richard"]
[Black "Bluma, Marcel"]
[Result "1-0"]
[Termination "normal"]
[Board "14"]
[WhiteElo "2032"]
[BlackElo "2099"]
[PlyCount "79"]
[WhiteFideId "24647128"]
[BlackFideId "1270526"]
[EventCountry "GER"]
[EventRounds "9"]
[EventType "swiss"]
[EventDate "2011.06.11"]

1. d4 d5 2. c4 e6 3. Nc3 c5 4. cxd5 cxd4 5. Qa4+ Bd7 6. Qxd4 exd5 7. Nf3 Nc6 8.
Qxd5 Nf6 9. Qb3 Bc5 10. e3 Qe7 11. Be2 O-O-O 12. O-O g5 13. Rd1 g4 14. Nh4 Be6
15. Bc4 Nd7 16. Bxe6 fxe6 17. g3 Nde5 18. Ne4 Bb6 19. Bd2 Ng6 20. Nxg6 hxg6 21.
Bc3 e5 22. Rxd8+ Bxd8 23. Qd1 Qe6 24. Qd6 Qe8 25. Rc1 Bc7 26. Qf6 Qg8 27. Bxe5
Bxe5 28. Qxe5 Qh7 29. h4 gxh3 30. Nd6+ Kd7 31. Qd5 Kc7 32. Nxb7 h2+ 33. Kh1 Qd7
34. Qe5+ Kxb7 35. Qxh8 Qd2 36. Qc3 Qd5+ 37. Kxh2 Qh5+ 38. Kg1 Ne5 39. Qc7+ Ka6
40. Qd6+ 1-0

[Event "DEM U18 2011"]
[Site "Oberhof GER"]
[Date "2011.06.17"]
[Round "8"]
[White "Marx, Joschka"]
[Black "Frank, Christian"]
[Result "1/2-1/2"]
[Termination "normal"]
[Board "15"]
[WhiteElo "2035"]
[BlackElo "2043"]
[PlyCount "118"]
[WhiteFideId "24645869"]
[BlackFideId "24658324"]
[EventCountry "GER"]
[EventRounds "9"]
[EventType "swiss"]
[EventDate "2011.06.11"]

1. e4 c5 2. Nf3 Nc6 3. d4 cxd4 4. Nxd4 Nf6 5. Nc3 e5 6. Ndb5 d6 7. Nd5 Nxd5 8.
exd5 Nb8 9. Qf3 a6 10. Qa3 b6 11. c4 Bb7 12. Nc3 Be7 13. Be2 O-O 14. O-O Nd7
15. Be3 f5 16. f3 f4 17. Bf2 Rf6 18. Ne4 Rh6 19. Rac1 Qe8 20. Rfd1 Qh5 21. h3
Rg6 22. Kh2 Bh4 23. Bxh4 Qxh4 24. Qb4 Nc5 25. Qe1 Qh6 26. b4 Nxe4 27. fxe4 Rg3
28. Rc3 Re3 29. Rxe3 fxe3 30. Bf3 a5 31. c5 Qf4+ 32. Kg1 axb4 33. c6 Bc8 34.
Qe2 Ba6 35. Qc2 e2 36. Re1 Qe3+ 37. Kh1 Bd3 38. Qb2 Qc5 39. Qd2 Qc3 40. Qxc3
bxc3 41. Bxe2 Bxe4 42. Bg4 Bxd5 43. c7 Bb7 44. Rc1 Bc8 45. Bf3 Ra3 46. Bd5+ Kf8
47. Bb3 Ra5 48. Rxc3 d5 49. Rc6 Ke7 50. Rxb6 Kd7 51. Kg1 Kxc7 52. Rb4 Be6 53.
Kf2 Rc5 54. Ra4 Kd6 55. Ra6+ Rc6 56. Ra7 Rc7 57. Ra6+ Ke7 58. Ra5 Rd7 59. Ke2
Rd6 1/2-1/2

[Event "DEM U18 2011"]
[Site "Oberhof GER"]
[Date "2011.06.18"]
[Round "9"]
[White "Blübaum, Matthias"]
[Black "Berchtenbreiter, Maximilian"]
[Result "1/2-1/2"]
[Termination "normal"]
[Board "1"]
[WhiteTitle "FM"]
[WhiteElo "2300"]
[BlackElo "2284"]
[PlyCount "69"]
[WhiteFideId "24651516"]
[BlackFideId "24641120"]
[EventCountry "GER"]
[EventRounds "9"]
[EventType "swiss"]
[EventDate "2011.06.11"]

1. d4 d5 2. c4 c6 3. Nf3 Nf6 4. e3 a6 5. Bd3 g6 6. Qc2 Bg7 7. O-O O-O 8. b3 Bg4
9. Nbd2 Nbd7 10. Bb2 Re8 11. h3 Bxf3 12. Nxf3 Rc8 13. Rac1 e6 14. c5 Nh5 15.
Ne5 f5 16. b4 Qc7 17. Qc3 Nhf6 18. f3 g5 19. Qe1 h6 20. g4 f4 21. exf4 gxf4 22.
Ng6 Nh7 23. Qd2 e5 24. Rce1 Ng5 25. h4 Nf7 26. Ba1 Nf8 27. dxe5 Nxe5 28. Qxf4
Ne6 29. Bxe5 Nxf4 30. Bxc7 Nxd3 31. Ne7+ Kh7 32. Nxc8 Bd4+ 33. Kh1 Rxe1 34.
Rxe1 Nxe1 35. f4 1/2-1/2

[Event "DEM U18 2011"]
[Site "Oberhof GER"]
[Date "2011.06.18"]
[Round "9"]
[White "Graf, Felix"]
[Black "Raum, Sebastian"]
[Result "1-0"]
[Termination "normal"]
[Board "2"]
[WhiteElo "2318"]
[BlackElo "2076"]
[PlyCount "99"]
[WhiteFideId "24608904"]
[BlackFideId "24673935"]
[EventCountry "GER"]
[EventRounds "9"]
[EventType "swiss"]
[EventDate "2011.06.11"]

1. d4 Nf6 2. Nf3 g6 3. c4 Bg7 4. Nc3 O-O 5. e4 d6 6. Be2 e5 7. Be3 Ng4 8. Bg5
f6 9. Bh4 g5 10. Bg3 Nh6 11. dxe5 dxe5 12. Qd5+ Nf7 13. O-O c6 14. Qxd8 Rxd8
15. Rfd1 Nd7 16. h4 h6 17. Nh2 Nc5 18. Bg4 Ne6 19. f3 Bf8 20. Bf2 Bc5 21. Rxd8+
Nfxd8 22. Bxc5 Nxc5 23. Rd1 Nce6 24. Rd6 Kf7 25. Ne2 Ke7 26. Rd2 gxh4 27. Nf1
Ng7 28. Bxc8 Rxc8 29. Kh2 Nde6 30. Kh3 f5 31. exf5 Nxf5 32. Kh2 Rg8 33. Nc1 Kf6
34. Nd3 Nfd4 35. Ne3 h5 36. Nf2 Ng5 37. Rd1 Rg7 38. Nh3 Nxh3 39. Kxh3 Kg5 40.
Re1 Ne6 41. Rd1 Re7 42. Nc2 e4 43. Kh2 Nf4 44. fxe4 Rxe4 45. Nd4 Kg4 46. Rd2
Re3 47. Rf2 h3 48. g3 Ne6 49. Nf5 Rd3 50. Nh6+ 1-0

[Event "DEM U18 2011"]
[Site "Oberhof GER"]
[Date "2011.06.18"]
[Round "9"]
[White "Kotainy, Jens"]
[Black "Svane, Rasmus"]
[Result "1-0"]
[Termination "normal"]
[Board "3"]
[WhiteTitle "FM"]
[WhiteElo "2415"]
[BlackElo "2297"]
[PlyCount "53"]
[WhiteFideId "24670499"]
[BlackFideId "4657101"]
[EventCountry "GER"]
[EventRounds "9"]
[EventType "swiss"]
[EventDate "2011.06.11"]

1. e4 e6 2. d4 d5 3. Nc3 Nf6 4. Bg5 Bb4 5. e5 h6 6. Bc1 Ne4 7. Qg4 g6 8. Nge2
c5 9. a3 Ba5 10. dxc5 Nc6 11. b4 Nxe5 12. Qh3 Bc7 13. Nxe4 dxe4 14. Nc3 a5 15.
Bb2 axb4 16. Rd1 Qf6 17. Bb5+ Kf8 18. axb4 Qf5 19. Qh4 Ng4 20. h3 Nf6 21. Nxe4
g5 22. Nxg5 Be5 23. Bd3 Qxg5 24. Qxg5 hxg5 25. Bxe5 Rh6 26. Bb5 Nd5 27. c4 1-0

[Event "DEM U18 2011"]
[Site "Oberhof GER"]
[Date "2011.06.18"]
[Round "9"]
[White "Wenninger, Philipp"]
[Black "Bräuer, Franz"]
[Result "1/2-1/2"]
[Termination "normal"]
[Board "4"]
[WhiteElo "2130"]
[BlackElo "2084"]
[PlyCount "69"]
[WhiteFideId "4648404"]
[BlackFideId "24634468"]
[EventCountry "GER"]
[EventRounds "9"]
[EventType "swiss"]
[EventDate "2011.06.11"]

1. d4 Nf6 2. c4 g6 3. Nc3 Bg7 4. e4 d6 5. f3 O-O 6. Be3 c5 7. dxc5 dxc5 8. Qxd8
Rxd8 9. Bxc5 Nc6 10. Nd5 Nd7 11. Bxe7 Nxe7 12. Nxe7+ Kf8 13. Nd5 Bxb2 14. Rb1
Bg7 15. Nh3 Nc5 16. Nf2 b6 17. h4 Ba6 18. h5 Rac8 19. Ng4 Nd7 20. hxg6 hxg6 21.
Rb4 Rc6 22. Nge3 Re8 23. g4 Nc5 24. Be2 Bc8 25. g5 Ne6 26. Nf6 Rd8 27. Nh7+ Ke8
28. Nd5 Nd4 29. Rb1 Nxe2 30. Kxe2 Ba6 31. Nhf6+ Kf8 32. Nh7+ Ke8 33. Nhf6+ Kf8
34. Nh7+ Ke8 35. Nhf6+ 1/2-1/2

[Event "DEM U18 2011"]
[Site "Oberhof GER"]
[Date "2011.06.18"]
[Round "9"]
[White "Grünter, Martin"]
[Black "Künstler, Christian"]
[Result "1-0"]
[Termination "normal"]
[Board "5"]
[WhiteElo "2239"]
[BlackElo "2060"]
[PlyCount "61"]
[WhiteFideId "24640352"]
[BlackFideId "24602361"]
[EventCountry "GER"]
[EventRounds "9"]
[EventType "swiss"]
[EventDate "2011.06.11"]

1. e4 c6 2. c4 d5 3. exd5 cxd5 4. cxd5 Nf6 5. Bb5+ Nbd7 6. Nc3 g6 7. d4 Bg7 8.
Nf3 O-O 9. O-O a6 10. Bc4 b5 11. Bb3 Nb6 12. Re1 Bb7 13. Bg5 b4 14. Na4 Nxa4
15. Bxa4 Bxd5 16. Ne5 Qd6 17. Qe2 Rac8 18. Rac1 Rfd8 19. h3 Qb6 20. Rxc8 Rxc8
21. Nd7 Qe6 22. Nxf6+ exf6 23. Qd2 Qb6 24. Bf4 Qa5 25. Bd7 Rd8 26. Qc1 Bxg2 27.
Bc7 Qd5 28. Bxd8 Bh1 29. Re8+ Bf8 30. Rxf8+ Kg7 31. Bc6 1-0

[Event "DEM U18 2011"]
[Site "Oberhof GER"]
[Date "2011.06.18"]
[Round "9"]
[White "Hahn, Markus"]
[Black "Petermann, Michail"]
[Result "0-1"]
[Termination "normal"]
[Board "6"]
[WhiteElo "2108"]
[BlackElo "2134"]
[PlyCount "68"]
[WhiteFideId "24654647"]
[BlackFideId "24643530"]
[EventCountry "GER"]
[EventRounds "9"]
[EventType "swiss"]
[EventDate "2011.06.11"]

1. d4 d5 2. c4 e6 3. Nf3 Nf6 4. g3 dxc4 5. Qa4+ Nbd7 6. Bg2 a6 7. Qxc4 b5 8.
Qc2 Bb7 9. O-O c5 10. Bg5 Rc8 11. Qd2 h6 12. Bxf6 Nxf6 13. dxc5 Bxc5 14. Qxd8+
Kxd8 15. Nc3 Ke7 16. Rfd1 Rhd8 17. a3 Bb6 18. e3 Rxd1+ 19. Rxd1 Ba5 20. Ne2 Be4
21. Ned4 Bb6 22. Ne1 Bxd4 23. Rxd4 Rc1 24. Bxe4 Rxe1+ 25. Kg2 e5 26. Rb4 Nxe4
27. Rxe4 Kd6 28. Rb4 Re2 29. Kf3 Rc2 30. Rb3 Kc5 31. Ke4 a5 32. Kxe5 Kc4 33.
Rc3+ Rxc3 34. bxc3 Kxc3 0-1